Úvod do četby anglických odborných textů pro posluchače přírodovědecké fakulty UK : Miroslav Jindra, Vladimír Mach

Hlavní autor: Jindra, Miroslav, 1929-2021
Korporativní autor: Univerzita Karlova. Přírodovědecká fakulta
Další autoři: Mach, Vladimír, 1922-
Jazyk: Čeština
Angličtina
Vydáno: Praha : Státní pedagogické nakladatelství, 1965
Vydání: Dotisk
Edice: Učební texty vysokých škol
Témata:
Fyzický popis: 113 s.
Knihy
Uloženo v:
LEADER 01075nam a22002771a 4500
001 000717192
003 CZ BrMZK
005 20090820102940.0
008 040521s1965 xr f cze d
040 |a BOA001  |b cze  |c BOA001 
041 0 |a cze  |a eng 
100 1 |a Jindra, Miroslav,  |d 1929-2021  |7 jk01051740  |4 aut 
245 1 0 |a Úvod do četby anglických odborných textů pro posluchače přírodovědecké fakulty UK :  |b Miroslav Jindra, Vladimír Mach 
250 |a Dotisk 
260 |a Praha :  |b Státní pedagogické nakladatelství,  |c 1965 
300 |a 113 s. 
490 1 |a Učební texty vysokých škol 
500 |a Na titulním listu rok vydání 1964 
500 |a Rozmnoženo 
700 1 |a Mach, Vladimír,  |d 1922-  |7 jk01072903  |4 aut 
710 2 |a Univerzita Karlova.  |b Přírodovědecká fakulta  |7 kn20010709364 
830 0 |a Učební texty vysokých škol 
910 |a BOA001  |b PK-N-0007.905-65 
964 |a Angličtina - učebnice - školy vysoké 
990 |a BK 
996 7 |b 3119654055  |c PK-N-0007.905-65  |l MZK  |r Sklad / do 1 hodiny  |n 0  |w 000717192  |u 000010  |a 1  |e BOA001  |j MZK50  |s A